UFC FIGHTER BY PICTURE #7 - Statistics

General Stats
  • This quiz has been taken 1,259 times
  • The average score is 10 of 16
Answer Stats
Picture Answer % Correct
Alex Pereira
95%
Anderson Silva
95%
Ben Askren
86%
Jiri Prochazka
86%
Chuck Liddell
82%
B.J. Penn
79%
Anthony Pettis
70%
Cain Velasquez
68%
Anthony Smith
67%
Marvin Vettori
66%
Alexander Volkov
63%
Luke Rockhold
60%
Michael Chiesa
38%
Rob Font
36%
Alex Caceres
35%
Corey Anderson
16%
No matching quizzes found
Score Distribution
Percent of People with Each Score
Percentile by Number Answered
Your Score History
You have not taken this quiz